| 000 | 00466nam a2200169Ia 4500 | ||
|---|---|---|---|
| 999 |
_c27186 _d27186 |
||
| 003 | OSt | ||
| 005 | 20201204095408.0 | ||
| 008 | 190216s9999||||xx |||||||||||||| ||und|| | ||
| 040 | _coclc | ||
| 082 |
_a894.8123 _bKAN/P |
||
| 100 |
_aKanam, E J _96664 |
||
| 245 | 0 |
_aPathirathri / _cE J Kanam |
|
| 260 |
_bPoorna Pubs, _c1982. _aKozhikode: |
||
| 300 | _a285p | ||
| 650 | _aMalayalam Novel | ||
| 942 |
_cBK _2ddc _h894.8123 _iKAN/P _k894.8123 _mKAN/P |
||